| 000 | 01202nam a22002177a 4500 | ||
|---|---|---|---|
| 001 | 8654 | ||
| 003 | FISKH | ||
| 005 | 20251008150553.0 | ||
| 008 | 251008b cb ||||| |||| 00| 0 eng d | ||
| 040 |
_aFISKH _beng _cFISKH _dFISKH |
||
| 050 | _aHQ774.W36 | ||
| 082 | _a 305.232 | ||
| 100 | _aWarner, Penny | ||
| 245 |
_aBaby play and learn: _b160 games and learning activities for the first three years / _cPenny Warner |
||
| 260 |
_aNew York : _bMeadowbrook, _c1999. |
||
| 300 |
_a181 pages : _bcolor illustrations ; _c24 cm |
||
| 520 | _aA child's most rapid period of growth and development takes place between the years of birth to three. That is why child development expert Penny Warner offers 160 ideas for games and activities that will provide developmental learning opportunities and rewards for babies. There are step-by-step instructions for each game and activity; clearly marked recommended ages for each game and activity; a list of easy-to-find materials for each game; variations for added fun and enhanced learning; and safety tips on making sure that the baby doesn't get hurt while playing. | ||
| 650 |
_aBaby explore _vMotor development |
||
| 942 |
_2ddc _cBK _n0 |
||
| 999 |
_c8654 _d8654 |
||